| 000 | 00528nam a2200205Ia 4500 | ||
|---|---|---|---|
| 003 | OSt | ||
| 005 | 20240412061717.0 | ||
| 008 | 210329s9999||||xx |||||||||||||| ||und|| | ||
| 020 | _a0195652304 | ||
| 040 | _cSTCPL | ||
| 041 | _aENG | ||
| 082 |
_a954 _bRAN-S |
||
| 245 | 2 |
_aA subaltern studies reader : _b 1986-1995 / _cby Ranajit Guha |
|
| 260 |
_aNew York : _bOxford University Press , _c2000 . |
||
| 300 |
_a303 p. _bPB |
||
| 650 | _a English Literature | ||
| 700 | _aGuha Ranajit (ed.) | ||
| 942 | _cBK | ||
| 942 | _2ddc | ||
| 999 |
_c46560 _d46560 |
||